Diaspora-Uruguay - Statistics

General Stats
  • This quiz has been taken 220 times
  • The average score is 8 of 10
Answer Stats
Number of immigrants Continent Country % Correct
117.564 South America Argentina
98%
55.000 South America Brazil
98%
48.234 North America United States of America
98%
30.000 Europe Spain
93%
5.308 South America Chile
92%
9.376 Oceania Australia
90%
6.795 North America Canada
87%
9.000 South America Venezuela
73%
5.970 Europe France
72%
15.000 Asia Israel
45%
No matching quizzes found
Score Distribution
Percent of People with Each Score
Percentile by Number Answered
Your Score History
You have not taken this quiz